000 nam a22 7a 4500
999 _c10171
_d10171
008 180212b ||||| |||| 00| 0 eng d
100 _aChandra, R
_96174
245 _aMathematics -VII
260 _aNew Delhi
_bBharati Publication
_c2012